000 00660nam a22002292 4500
001 75623
003 BD-RjUL
005 20211209082723.0
008 140211t19521961enk b 001 0 eng d
035 _a(BD-RjUL) 75841
040 _aEUW
_cEUW
_dEQO
_beng
041 _aeng
082 0 4 _a158.7
_bSMI 1952
_223
100 1 _aSmith, May,
_d1879-
_949145
245 1 3 _aAn introduction to industrial psychology /
_cby May Smith.
250 _a5th. ed.
260 _aLondon :
_bCassell,
_c1952 [1961]
300 _a295 p. ;
_c19 cm.
504 _aIncludes index and bibliographical footnotes.
650 1 _a Psychology, Industrial.
_93670
942 _2ddc
_cBK
999 _c75623
_d75623